000 00685nam a2200265Ia 4500
005 20260302115745.0
008 008 260114s9999 xx 000 0 eng d
020 _a9781526529619
037 _aTextbook
040 _aCRL
040 _beng
040 _cCRL
041 _2eng
041 _aeng
084 _qCRL
100 _aLisa Parkinson
_91122568
245 0 _aConversations with Young People in Family Mediation
260 _bBloomsbury
260 _bBloomsbury Professional
260 _c2024
650 _aLaw
856 _uhttps://doi.org/10.5040/9781526529619?locatt=label:secondary_bloomsburyCollections
942 _cEBOOK
999 _c1687359
_d1687359